| 000 | 00437cam a2200169ua 4500 | ||
|---|---|---|---|
| 041 |
_ahin _h |
||
| 082 |
_a891.54 _bVIJ/HI |
||
| 100 | _aVijayendra, Snathak . | ||
| 245 |
_aHindi-sahitya our uski pragathi / _cVijayendra snathak. _hTextual Documents |
||
| 250 |
_a1 / _b. |
||
| 260 |
_a : _bAtmaram and sons , _c1952. |
||
| 300 | _a220 ; . | ||
| 504 | _a | ||
| 700 | 1 | _aShema Chandra, Suman . | |
| 942 | _cBK | ||
| 999 |
_c12112 _d12112 |
||